| 000 | 00622nam a22002057a 4500 | ||
|---|---|---|---|
| 999 |
_c3088 _d3088 |
||
| 003 | AR-CdUCM | ||
| 008 | 190305b ||||| |||| 00| 0 spa d | ||
| 040 |
_aMUNICIPALIDAD PROVINCIAL DEL CUSCO _cBIBLIOTECA MUNICIPAL DEL CUSCO |
||
| 082 |
_a869.56 / _bC 3 |
||
| 110 |
_aINC Departamental Huanuco _910458 |
||
| 245 |
_aPoesía : _b(antología) / |
||
| 260 |
_aHuanuco : _bINC Departamental de Huanuco. |
||
| 300 |
_a96 páginas ; _c19 cm. |
||
| 500 | _aDonación de la familia Nieto | ||
| 650 |
_aHuanuco _91885 |
||
| 650 |
_aPoesía de Huanuco _910459 |
||
| 650 |
_aSiglo XX _98 |
||
| 942 |
_2ddc _cLIBROS |
||
| 945 | _araen | ||